000 00314nam a22001337a 4500
008 250107b |||||||| |||| 00| 0 eng d
020 _a1-55166-817-3
050 _aPS3561
_b.K74
100 _aKrentz Ann Jayne
245 _aA Shared Dream
260 _aAustratia
_bMira Books
_c2001
300 _a344p
942 _cBK
999 _c1885
_d1885